Ako ďalej pri ochrane a záchrane prírody Tatranského Národného parku? Zborník prednášok z konferencie k 40. výročiu uzákonenia Tatranského Národného parku. Tatranská Lomnica, 22.-24. mája 1990

Guardado en:
Detalles Bibliográficos
Formato: Libro
Lenguaje:eslovaco
Publicado: Žilina Dom techniky ČSVTS 1990
Edición:1. vyd.
Etiquetas: Agregar Etiqueta
Sin Etiquetas, Sea el primero en etiquetar este registro!

MARC

LEADER 00000nam a2200000 4500
001 c029078
005 20221215070215.9
041 0 |a slo 
044 |a SK 
245 1 0 |a Ako ďalej pri ochrane a záchrane prírody Tatranského Národného parku?  |b Zborník prednášok z konferencie k 40. výročiu uzákonenia Tatranského Národného parku. Tatranská Lomnica, 22.-24. mája 1990 
250 |a 1. vyd. 
264 1 |a Žilina  |b Dom techniky ČSVTS  |c 1990 
300 |a 474 s.